00800nam a2200217 a 450000100060000000300090000600800410001502000150005604000280007108200160009910000300011524501080014526000470025330000110030059000490031165000130036065000310037394200120040499900150041695201510043117910CO-ViMGA141112s2004 ck r 000 u spa d a843421850X aCO-ViMGAbspacCO-ViMGA04a738.14 C3711 aChavarria, Joaquin92533810aLa Cerámica : bLa tecnica y el arte de la cerámica explicados de la manera más amena y atractiva aBarcelona (España), cParramón, c1997 a192.p. aForma de adquisición : Premio - Mincultura14aCERAMICA14aCERAMICA - TECNICAS925339 2ddccBK c7812d7812 00102ddc40708002aMEVIECARbMEVIECARd2015-12-04hVolumen. 1 | 11/jun/2009l0o738.14 C371 p17910r2015-12-04 00:00:00tEj. 1w2015-12-04yBK